LEADER 02235nam 2200481 450 001 9910159027403321 005 20230808213323.0 010 $a1-5095-0213-0 035 $a(CKB)3710000000571177 035 $a(EBL)4206624 035 $a(SSID)ssj0001646208 035 $a(PQKBManifestationID)16416904 035 $a(PQKBTitleCode)TC0001646208 035 $a(PQKBWorkID)14961546 035 $a(PQKB)10411891 035 $a(MiAaPQ)EBC4206624 035 $a(EXLCZ)993710000000571177 100 $a20160115h20162016 uy 0 101 0 $aeng 135 $aur|n|---||||| 181 $ctxt 182 $cc 183 $acr 200 10$aSloterdijk /$fJean-Pierre Couture 210 1$aCambridge, England ;$aMalden, Massachusetts :$cPolity,$d2016. 210 4$dİ2016 215 $a1 online resource (155 p.) 225 1 $aKey Contemporary Thinkers 300 $aDescription based upon print version of record. 311 $a0-7456-6380-X 320 $aIncludes bibliographical references and index. 327 $aKey Contemporary Thinkers; Title page; Copyright page; Dedication; Acknowledgments; Abbreviations; Introduction; Notes; 1: Psychopolitics; Cynicism; Mobilization; Rage; Notes; 2: Anthropotechnics; Rules for the Human Zoo; Romancing the Stone: World as Lithotechnics; Out of the Clearing and into the Gym: The Anthropotechnics of Self-improvement; Notes; 3: Spherology; Spatial Turn; Once Upon a Time There Were Spheres; Notes; 4: Controversy; German Publizistik; Philosophy in Real Time: The 1999 "Eugenicist Posthumanism" Scandal; Another Foreseeable Collision: The 2009 Dispute over Income Tax 327 $aFrom Nightingale to HawkNotes; 5: Therapy; The Karlsruhe Garden; Humor, Romantic Wit, and Grotesque Degradation; The Poetics of Disarmament; Ecstatic Proximity; Solar Language; Notes; Conclusion; Notes; References; Primary Sources; Secondary Sources; Other Works Cited; Index; End User License Agreement 410 0$aKey contemporary thinkers. 676 $a193 700 $aCouture$b Jean-Pierre$f1975-$01253482 801 0$bMiAaPQ 801 1$bMiAaPQ 801 2$bMiAaPQ 906 $aBOOK 912 $a9910159027403321 996 $aSloterdijk$93414900 997 $aUNINA LEADER 03898nam 22006375 450 001 9910886999803321 005 20250807145659.0 010 $a981-9750-38-5 024 7 $a10.1007/978-981-97-5038-2 035 $a(MiAaPQ)EBC31650801 035 $a(Au-PeEL)EBL31650801 035 $a(CKB)34843071100041 035 $a(DE-He213)978-981-97-5038-2 035 $a(EXLCZ)9934843071100041 100 $a20240906d2024 u| 0 101 0 $aeng 135 $aurcnu|||||||| 181 $ctxt$2rdacontent 182 $cc$2rdamedia 183 $acr$2rdacarrier 200 10$aEmbedded Artificial Intelligence $ePrinciples, Platforms and Practices /$fby Bin Li 205 $a1st ed. 2024. 210 1$aSingapore :$cSpringer Nature Singapore :$cImprint: Springer,$d2024. 215 $a1 online resource (262 pages) 311 08$a981-9750-37-7 327 $aPART I. PRINCIPLES -- Chapter 1. Embedded Artificial Intelligence -- Chapter 2. Principle of Embedded AI Chips -- Chapter 3. Lightweight Neural Networks -- Chapter 4. Compression of Deep Neural Network -- Chapter 5. Framework for Embedded Neural Network Applications -- Chapter 6. Lifelong Deep Learning -- PART II. PLATFORMS -- Chapter 7. Embedded AI Accelerator Chips -- Chapter 8. Software Framework for Embedded Neural Networks -- PART III. PRACTICES -- Chapter 9. Embedded AI Development Process -- Chapter 10. Optimizing Embedded Neural Network Models -- Chapter 11. Examples of Embedded Neural Network Application -- Chapter 12. Conclusion: Intelligence in Everything. 330 $aThis book focuses on the emerging topic of embedded artificial intelligence and provides a systematic summary of its principles, platforms, and practices. In the section on principles, it analyzes three main approaches for implementing embedded artificial intelligence: cloud computing mode, local mode, and local-cloud collaborative mode. The book identifies five essential components for implementing embedded artificial intelligence: embedded AI accelerator chips, lightweight neural network algorithms, model compression techniques, compiler optimization techniques, and multi-level cascaded application frameworks. The platform section introduces mainstream embedded AI accelerator chips and software frameworks currently used in the industry. The practical part outlines the development process of embedded artificial intelligence and showcases real-world application examples with accompanying code. As a comprehensive guide to the emerging field of embedded artificial intelligence, the book offers rich and in-depth content, a clear and logical structure, and a balanced approach to both theoretical analysis and practical applications. It provides significant reference value and can serve as an introductory and reference guide for researchers, scholars, students, engineers, and professionals interested in studying and implementing embedded artificial intelligence. 606 $aArtificial intelligence 606 $aComputational intelligence 606 $aMachine learning 606 $aEmbedded computer systems 606 $aRobotics 606 $aArtificial Intelligence 606 $aComputational Intelligence 606 $aMachine Learning 606 $aEmbedded Systems 606 $aRobotics 615 0$aArtificial intelligence. 615 0$aComputational intelligence. 615 0$aMachine learning. 615 0$aEmbedded computer systems. 615 0$aRobotics. 615 14$aArtificial Intelligence. 615 24$aComputational Intelligence. 615 24$aMachine Learning. 615 24$aEmbedded Systems. 615 24$aRobotics. 676 $a006.3 700 $aLi$b Bin$0857556 801 0$bMiAaPQ 801 1$bMiAaPQ 801 2$bMiAaPQ 906 $aBOOK 912 $a9910886999803321 996 $aEmbedded Artificial Intelligence$94236284 997 $aUNINA LEADER 01627nlm 2200253Ia 450 001 996716005003316 005 20260408103018.0 100 $a19840822d1659---- uy | 101 0 $aeng 102 $aUK 135 $adrcnu 200 1 $a<> elements of water-drawing, or, [A] compendious abstract of a[ll sorts of kinds] of water-machins or gins used or pr[actis]ed in the world$ewith their natural grounds and reasons, and what service may be expected from them : as also new exquisite ways and machins never before published : with a philosophical discourse and new discovery of drawing water out of great deeps by fier : where is also disapproved the perpetual motion, the water-poise, the syphon or philosophers engine, the horizontal sails, with divers other experiments /$fpublished for the improving the service of the mineral world .. 210 1 $aLondon$cPrinted by Tho. Leach for Henry Brome$d[1659?] 215 $aTesto elettronico (PDF) ([5], 41 p.) 230 $aBase dati testuale 330 $aPrefazione firmata: R. D'acres. Attribuito, senza prove sufficienti, a Robert Thornton.Data di stampa manoscritta sul frontespizio; Wing suggerisce il 1660.Riproduzione dell'originale conservata presso la British Library.Altri autori: Thornton, Robert, 1618-1679. 700 1$aD'ACRES,$bR$01009304 701 1$aThornton$bRobert$f1618-1679.$01018862 801 0$aIT$bcba$cREICAT 912 $a996716005003316 959 $aEB 969 $aER 996 $aElements of water-drawing, or, compendious abstract of all sorts of kinds of water-machins or gins used or practised in the world$94558307 997 $aUNISA